[Event "HCL-E1528"]
[Site "www.playchess.de"]
[Date "2006.01.11"]
[Round "3"]
[White "baggur"]
[Black "reddog"]
[WhiteElo "1660"]
[BlackElo "1847"]
[PlyCount "86"]
[Result "0-1"]

1.e4 c5 2.Nf3 Nc6 3.d4 cxd4 4.Nxd4 Qa5+ 5.Nc3 Nf6 
6.Nb3 Qc7 7.Be2 e6 8.O-O Be7 9.f4 d6 10.Be3 O-O 
{May I wish u a Merry Xmas & a happy, prosperous & 
winning new year}  11.Nb5 {Merry Christmas to you} 
 Qb8 12.Bf3 Bd7 13.a4 Rc8 14.Qe1 d5 15.e5 Nb4 
16.N5d4 Ne4 17.c3 Nd3 18.Qe2 Ndc5 19.Nxc5 Nxc5 
20.a5 Qc7 21.Nb5 Bxb5 22.Qxb5 a6 23.Qe2 Nb3 24.Bb6 
Bc5+ 25.Kh1 Bxb6 26.axb6 Qxb6 27.Rad1 g6 28.g3 Na5 
29.h4 Nc4 30.Rdb1 a5 31.h5 Qe3 32.Qxe3 Nxe3 
33.Rfg1 a4 34.Rba1 Nc4 35.Ra2 a3 36.bxa3 Rxa3 
37.Rxa3 Nxa3 38.hxg6 hxg6 39.Ra1 Rxc3 40.Kg2 Nc2 
41.Rb1 b5 42.Rxb5 Ne1+ 43.Kf2 Nxf3 0-1

[Event "HCL-M851"]
[Site "www.playchess.de"]
[Date "2006.01.11"]
[Round "3"]
[White "tornado"]
[Black "dynachess"]
[WhiteElo "1796"]
[BlackElo "2183"]
[PlyCount "85"]
[Result "1/2-1/2"]

1.e4 {Hello, Dynachess. Good luck.}  e6 {hi from 
france, tornado. have a good game}  2.d4 c5 3.d5 
exd5 4.exd5 d6 5.Nf3 Nf6 6.Be2 Be7 7.O-O O-O 8.Nc3 
Na6 9.Re1 Nc7 10.a4 b6 11.Bc4 Bf5 12.Bf4 Re8 13.h3 
a6 14.Bd3 Ncxd5 15.Nxd5 Nxd5 16.Bxf5 Nxf4 17.Qd2 
Ng6 18.Be4 Rb8 19.Bc6 Rf8 20.Rad1 Qc7 21.Be4 Rfe8 
22.c3 Rbd8 23.Qd3 c4 24.Qd5 Bf6 25.Nd2 b5 26.axb5 
axb5 27.Qxb5 Rdb8 28.Bxg6 Rxe1+ 29.Rxe1 hxg6 
30.Re8+ Rxe8 31.Qxe8+ Kh7 32.Qe4 Qc5 33.Qxc4 Qa7 
34.Ne4 Bh4 35.g3 f5 36.gxh4 fxe4 37.Qxe4 Qa1+ 
38.Kg2 Qxb2 39.h5 Qxc3 40.Qxg6+ Kh8 41.Qxd6 Qc1 
42.h6 gxh6 43.Qf8+ {(offering draw) What about a 
draw?}  1/2-1/2

[Event "HCL-B3716"]
[Site "www.playchess.de"]
[Date "2006.01.11"]
[Round "10"]
[White "sonnyspock"]
[Black "masterj"]
[WhiteElo "1159"]
[BlackElo "1500"]
[PlyCount "53"]
[Result "1-0"]

1.e4 e5 2.Nf3 d6 3.d4 exd4 4.Nxd4 c5 5.Nf3 Bg4 
6.Be2 h5 7.h3 Qa5+ 8.Bd2 Qb6 9.b3 g5 10.Nxg5 Bg7 
11.Bc3 Bxc3+ 12.Nxc3 Bxe2 13.Qxe2 Nd7 14.Nd5 Qd8 
15.Qf3 Nh6 16.O-O-O Qxg5+ 17.Kb1 Rg8 18.Nc7+ Kf8 
19.Nxa8 Qxg2 20.Qxh5 Qxf2 21.Qxh6+ Ke7 22.Qxd6+ 
Ke8 23.Qxd7+ Kf8 24.Qd8+ Kg7 25.Rdg1+ Qxg1+ 
26.Rxg1+ Kh8 27.Qxg8+ 1-0

[Event "HCL-C4007"]
[Site "www.playchess.de"]
[Date "2006.01.11"]
[Round "2"]
[White "jsteveg"]
[Black "ocluanain"]
[WhiteElo "714"]
[BlackElo "969"]
[PlyCount "80"]
[Result "0-1"]

1.e4 {surprise-surprise}  e5 {yes.  i've been 
sitting there for 2 days with no one joining the 
tournament.}  2.f4 {Looks like people are joining 
now that I'm in.}  exf4 3.Nf3 Nc6 4.d4 Qe7 5.Bd3 
d6 6.Bxf4 Nf6 7.Qd2 g6 8.Nc3 Bg7 9.e5 Nb4 10.Bb5+ 
c6 11.Bd3 O-O 12.Bc4 Bf5 13.Qe3 d5 14.Bb3 Bxc2 
15.O-O Bxb3 16.axb3 Nc2 17.Qc1 {yuck}  Nxa1 {Yeah. 
 I was surprised you made that move.  Oh, well.  
You can regroup.}  18.Qxa1 Ne4 19.Re1 b5 20.Nxe4 
dxe4 21.Rxe4 Qb4 22.Re3 Rfd8 23.Rd3 c5 24.Qd1 c4 
25.Rc3 Rac8 26.Qa1 Rc7 27.g3 Rdd7 28.h4 cxb3 
29.Rxc7 Rxc7 30.Qb1 Rc2 31.d5 Qe4 32.d6 Bf8 33.Bd2 
Qxf3 34.d7 Bc5+ 35.Kh2 Rxd2+ 36.Kh3 Rxd7 37.Qe1 
Qf5+ 38.Kg2 {I resigned a few games.  But not ours 
buddy.}  Qc2+ {thanks pal.}  39.Kf1 Qf5+ 40.Qf2 
{I'll give you this one if you give me the other 
one!  ;-)}  Qxf2+ {Sorry.}  0-1

[Event "ACL-M065"]
[Site "www.playchess.de"]
[Date "2006.01.11"]
[Round "35"]
[White "msdnewmex"]
[Black "Relic"]
[WhiteElo "2064"]
[BlackElo "2129"]
[PlyCount "83"]
[Result "1/2-1/2"]

1.Nf3 {Good Luck and Greetings from New Mexico}  
d5 {GL!}  2.d4 Nf6 3.c4 e6 4.Nc3 Be7 5.Bg5 O-O 
6.e3 h6 7.Bh4 b6 8.Bd3 Bb7 9.O-O Nbd7 10.Qe2 c5 
11.Bg3 Ne4 12.cxd5 Nxg3 13.hxg3 exd5 14.Rad1 c4 
15.Bf5 Nf6 16.e4 g6 17.e5 gxf5 18.exf6 Bxf6 19.Ne5 
Qc7 20.Nb5 Qe7 21.Rfe1 Bg7 22.Qc2 Rae8 23.Nc3 Qg5 
24.Re3 a6 25.Ne2 Qd8 26.Nf4 f6 27.Neg6 Rxe3 
28.Nxf8 Re4 29.N8e6 Qd7 30.Nxg7 Kxg7 31.f3 {Happy 
Holidays to you and yours!}  Re8 {Thank you. Happy 
Holidays.}  32.Kf2 Bc8 33.Nh5+ Kg6 34.Rh1 Rh8 
35.g4 Kf7 36.Rh4 Ke7 37.gxf5 Qxf5 38.Qxf5 Bxf5 
39.Rf4 Be6 40.Rxf6 b5 41.a3 a5 42.Ke3 {(offering 
draw) I've analyzed into the tablebases.  There 
isn't much here.}  1/2-1/2

[Event "HCL-E1440"]
[Site "www.playchess.de"]
[Date "2006.01.11"]
[Round "19"]
[White "PieceSeeker3"]
[Black "luciano59"]
[WhiteElo "1485"]
[BlackElo "2252"]
[PlyCount "66"]
[Result "0-1"]

1.e4 {Good Luck!}  e5 {hi and good game}  2.Nf3 
Nc6 3.Bb5 Nf6 4.O-O Bc5 5.Bxc6 bxc6 6.Nxe5 O-O 
7.d4 Re8 8.Bg5 Be7 9.Nc3 Rb8 10.Rb1 Bb7 11.Be3 d6 
12.Nf3 c5 13.d5 Ba6 14.Re1 Ng4 15.Bf4 Bf6 16.h3 
Rxb2 17.Na4 Rxa2 18.hxg4 Rxa4 19.g5 Bc3 20.Re3 
Raxe4 21.Rxc3 Rxf4 22.Ra3 Be2 23.Qd2 Rfe4 24.Rxa7 
Bxf3 25.gxf3 Rd4 26.Qc1 Rxd5 27.f4 Qd7 28.Rbb7 
Qg4+ 29.Kh2 h6 30.Rbxc7 Re2 31.Qg1 Qh4+ 32.Kg2 
Qg4+ 33.Kh1 Qh3+ 0-1

[Event "HCL-A2458"]
[Site "www.playchess.de"]
[Date "2006.01.11"]
[Round "33"]
[White "G501"]
[Black "alldrix"]
[WhiteElo "1401"]
[BlackElo "1684"]
[PlyCount "30"]
[Result "0-1"]

1.e4 {Have a nice game}  e6 {likewise}  2.d4 d5 
3.exd5 exd5 4.Be3 Nf6 5.Be2 Bd6 6.Nf3 O-O 7.Bg5 
Bg4 8.O-O Nbd7 9.Nbd2 Re8 10.Re1 c6 11.c4 dxc4 
12.Nxc4 Bc7 13.Qb3 Qb8 14.g3 h6 15.Bxf6 
Nxf6 0-1

[Event "HCL-C3955"]
[Site "www.playchess.de"]
[Date "2006.01.11"]
[Round "3"]
[White "papolo"]
[Black "fire-serpent"]
[WhiteElo "800"]
[BlackElo "1114"]
[PlyCount "60"]
[Result "0-1"]

1.e4 e6 2.Nf3 d5 3.Nd4 dxe4 4.g4 Qxd4 5.c3 Qd8 
6.Na3 Bxa3 7.bxa3 b6 8.Rg1 Bb7 9.Bb5+ Nd7 10.g5 g6 
11.Qe2 Ne7 12.Qd3 exd3 13.Rg4 a6 14.Ba4 b5 15.Bb3 
Bf3 16.Rf4 Bb7 17.h3 Nf5 18.c4 bxc4 19.Bxc4 Qxg5 
20.Rg4 Qf6 21.Bxd3 Qxa1 22.Kd1 Bf3+ {??}  23.Be2 
Bxe2+ 24.Kc2 Qxa2+ 25.Bb2 Rb8 26.Rb4 Rxb4 27.axb4 
Nd4+ 28.Kc3 Nb5+ 29.Kc2 Na3+ 30.Kc1 
Qb1+ 0-1

[Event "HCL-C4012"]
[Site "www.playchess.de"]
[Date "2006.01.11"]
[Round "6"]
[White "ivofle"]
[Black "CallDutte"]
[WhiteElo "794"]
[BlackElo "1201"]
[PlyCount "103"]
[Result "1/2-1/2"]

1.e4 e5 2.a3 Bc5 {Vamos detonar estes gringos?}  
3.Bb5 Qf6 4.Nf3 a6 5.Bc4 b5 6.Bb3 d6 7.O-O Ne7 
8.Nc3 O-O 9.Nd5 Nxd5 10.Bxd5 c6 11.Bb3 Bg4 12.d4 
Bxd4 13.c3 Bb6 14.Qd3 Bxf3 15.gxf3 Qg6+ 16.Kh1 Nd7 
17.f4 exf4 18.Bxf4 Bc7 19.Rfg1 Qxg1+ 20.Kxg1 Nc5 
21.Qg3 g6 22.Re1 Nxb3 23.Re3 Rad8 24.Bh6 Rfe8 
25.Rf3 Nd2 26.Rf4 d5 27.e5 Bxe5 28.Bg5 Bxf4 
29.Qxf4 Re4 30.Qxd2 Rde8 31.Kg2 R4e2 32.Qf4 R2e4 
33.Qf6 Rg4+ 34.Kh3 Rxg5 35.Qxg5 Re2 36.Qd8+ Kg7 
37.Qg5 Rxf2 38.Qe5+ Kg8 39.Qb8+ Kg7 40.Qe5+ Kg8 
41.Qe8+ Kg7 42.Qe5+ Kg8 {(offering draw)}  43.Qe8+ 
Kg7 {(offering draw) Vamos empatar pomba!}  
44.Qxc6 Rxb2 {(offering draw)}  45.Qxd5 Re2 
46.Qd4+ Kg8 47.Qd8+ Kg7 {(offering draw)}  48.Qd4+ 
Kg8 {(offering draw) Vamos empatar pomba...}  
49.Qd3 Re6 {(offering draw)}  50.Qd8+ Kg7 
{(offering draw) Vamos empatar caramba...}  
51.Qd4+ Kg8 52.Qd8+ {(offering draw) offering 
draw}  1/2-1/2

[Event "HCL-E1446"]
[Site "www.playchess.de"]
[Date "2006.01.11"]
[Round "10"]
[White "Glomp"]
[Black "Sinla"]
[WhiteElo "1643"]
[BlackElo "1719"]
[PlyCount "74"]
[Result "0-1"]

1.e4 {Hello and good luck!}  c5 {Good luck to you 
as well!}  2.Nf3 Nc6 3.d4 cxd4 4.Nxd4 Nf6 5.Nc3 e5 
6.Ndb5 d6 7.Bg5 a6 8.Na3 b5 9.Nd5 Be7 10.Bxf6 Bxf6 
11.c3 O-O 12.Nc2 Bg5 13.a4 bxa4 14.Rxa4 a5 15.Bc4 
Rb8 16.b3 Kh8 17.O-O f5 18.exf5 Bxf5 19.Nce3 Be6 
20.Qd3 Qd7 21.Rd1 Qf7 22.Rf1 Rb7 23.b4 axb4 
24.cxb4 Nd4 25.f3 Qd7 26.b5 Bxe3+ 27.Qxe3 Bxd5 
28.Bxd5 Rxb5 29.Ra8 Rxa8 30.Bxa8 Qa7 31.Qe4 Nc6+ 
32.Kh1 Qxa8 33.h3 d5 34.Qd3 Rc5 35.Qf5 {Merry 
Christmas!}  d4 {Merry Christmas to you as well! 
:)}  36.Kh2 Qd8 37.f4 g6 0-1

[Event "HCL-E1508"]
[Site "www.playchess.de"]
[Date "2006.01.11"]
[Round "6"]
[White "ggaarrii"]
[Black "XANDERKIRV"]
[WhiteElo "1730"]
[BlackElo "1593"]
[PlyCount "55"]
[Result "1-0"]

1.e4 c5 2.Nf3 e6 3.d4 cxd4 4.Nxd4 a6 5.Bd3 g6 6.c4 
Bg7 7.Ne2 d6 8.Be3 Ne7 9.Nbc3 O-O 10.Qd2 Nbc6 
11.a3 Ne5 12.O-O f5 13.Bg5 Bf6 14.Bxf6 Rxf6 15.f4 
Nf7 16.Rf3 Rb8 17.Raf1 b6 18.Rh3 Bb7 19.Qe1 Kg7 
20.Nd4 Qc8 21.e5 dxe5 22.fxe5 Nxe5 23.Qxe5 Nc6 
24.Rxh7+ Kxh7 25.Qxf6 Nxd4 26.Rf4 Kg8 27.Rh4 e5 
28.Rh8+ 1-0

[Event "HCL-B3763"]
[Site "www.playchess.de"]
[Date "2006.01.11"]
[Round "18"]
[White "epenz"]
[Black "kylejmiles"]
[WhiteElo "984"]
[BlackElo "1448"]
[PlyCount "44"]
[Result "0-1"]

1.e4 {hi}  c5 2.Nf3 Nc6 3.d3 d6 4.Nc3 Nf6 5.Bg5 
Bg4 6.Bxf6 gxf6 7.Be2 e6 8.h3 Bxf3 9.Bxf3 Qc7 
10.O-O Rg8 11.Nb5 Qb8 12.c4 a6 13.Nc3 Nd4 14.a3 
Be7 15.b4 Qc7 16.Re1 Kd7 17.bxc5 dxc5 18.Rb1 Rg7 
19.g3 Rag8 20.Bg4 h5 21.Bxh5 R7xg3+ 22.fxg3 
Qxg3+ 0-1

[Event "HCL-E1519"]
[Site "www.playchess.de"]
[Date "2006.01.11"]
[Round "15"]
[White "hal1958"]
[Black "PLAYCHESS1963"]
[WhiteElo "1471"]
[BlackElo "1761"]
[PlyCount "80"]
[Result "0-1"]

1.b4 {welcome to our newest game}  Nf6 2.Bb2 e6 
{hi}  3.a3 d5 4.e3 Be7 5.Nf3 O-O 6.c4 b6 7.cxd5 
Nxd5 8.Be2 Bb7 9.O-O a5 10.b5 Nd7 11.d4 Rc8 
12.Nbd2 c6 13.a4 Nb4 14.Ne1 Nf6 15.h3 c5 16.Bf3 
Bxf3 17.Ndxf3 c4 18.Rc1 Nfd5 19.Ne5 c3 20.Ba3 Na2 
21.Bxe7 Qxe7 22.Ra1 Nab4 23.Nc2 f6 24.Nd3 Nxc2 
25.Qxc2 Rc4 26.Rfc1 Nb4 27.Qd1 Rfc8 28.Kf1 e5 
29.dxe5 fxe5 30.Nxb4 axb4 31.Qd5+ Kh8 32.Rab1 e4 
33.Rc2 Qa7 34.Rd1 h6 35.Rd4 Rxd4 36.Qxd4 Qxa4 
37.Rc1 Qxb5+ 38.Kg1 Rc4 39.Qd8+ Kh7 40.Qd1 
b3 0-1

[Event "HCL-T246"]
[Site "www.playchess.de"]
[Date "2006.01.11"]
[Round "19"]
[White "hal1958"]
[Black "Zafonic"]
[WhiteElo "1471"]
[BlackElo "1500"]
[PlyCount "96"]
[Result "0-1"]

1.d4 Nf6 2.c4 c5 3.d5 b5 4.cxb5 Bb7 5.Nc3 a6 6.e4 
d6 7.Nf3 Nbd7 8.Be2 Nb6 9.Bg5 e6 10.O-O Be7 11.a4 
exd5 12.exd5 O-O 13.bxa6 Bxa6 14.Bxa6 Rxa6 15.b3 
h6 16.Bxf6 Bxf6 17.Rc1 Qa8 18.Re1 Rd8 19.Ne4 Nxd5 
20.Nxf6+ Nxf6 21.h3 Qb7 22.Qc2 Nd5 23.Re2 Nf4 
24.Re4 Nd5 25.Rce1 Raa8 26.Nd2 Nb4 27.Qb1 d5 
28.R4e7 Qc6 29.Qf5 Rdf8 30.Nf3 d4 31.Ne5 Qd5 
32.Qb1 Qd6 33.Nc4 Qf6 34.Rc7 Rac8 35.Ree7 Nd5 
36.Rxc8 Rxc8 37.Re1 Nc3 38.Qb2 Rb8 39.Qc2 Rd8 
40.Rd1 Nxd1 41.Qxd1 {I should stop playing when I 
feel sleepy}  d3 {yeah, unlucky  - know the 
feeling well.}  42.Kf1 Qc3 43.g3 d2 44.Ne3 Rd6 
45.h4 Rf6 46.Ke2 Rd6 47.Kf1 f5 48.Nc4 
Qc1 0-1

[Event "HCL-C3952"]
[Site "www.playchess.de"]
[Date "2006.01.11"]
[Round "34"]
[White "alauddin"]
[Black "Xav"]
[WhiteElo "937"]
[BlackElo "1173"]
[PlyCount "31"]
[Result "1-0"]

1.e4 {hello!}  e5 {Hello! Good game!}  2.Nf3 Nc6 
3.Bc4 Nf6 4.Nc3 d6 5.d3 Bg4 6.Nd5 Be7 7.Be3 O-O 
8.Bb5 a6 9.Nxf6+ Bxf6 10.Bxc6 bxc6 11.h3 Be6 
12.Qd2 d5 13.O-O-O d4 14.Bg5 Be7 15.b3 Ba3+ 
16.Kb1 1-0

[Event "ACL-E210"]
[Site "www.playchess.de"]
[Date "2006.01.11"]
[Round "7"]
[White "wolter"]
[Black "Brrrr"]
[WhiteElo "2026"]
[BlackElo "1942"]
[PlyCount "103"]
[Result "1/2-1/2"]

1.e4 {I wish you a good game, greetings from the 
Netherlands}  c5 {Have a good game as well, 
friend.}  2.Nf3 d6 3.d4 cxd4 4.Nxd4 Nf6 5.Nc3 a6 
6.Bc4 e6 7.Bb3 Nbd7 8.f4 Nc5 9.e5 dxe5 10.fxe5 
Nfd7 11.Bf4 b5 12.Qg4 Bb7 13.O-O-O h5 14.Qg3 Nxb3+ 
15.axb3 g5 16.Qxg5 {g5 surprised me. I think it 
was a good move, I did not see it coming}  Qxg5 
{Yes, I spent about an hour looking at it.}  
17.Bxg5 Rg8 18.h4 b4 19.Nce2 Bg7 20.Nf4 Bxe5 
21.Nxh5 f6 22.Nxe6 fxg5 23.Rhe1 gxh4 24.Neg7+ Ke7 
25.Nf5+ Ke6 26.Nhg7+ Kf6 27.Rxd7 Bc8 28.Nh5+ Kg5 
29.Rxe5 Bxd7 30.Ne7+ Kh6 31.Nxg8+ Rxg8 32.Nf6 Rxg2 
33.Nxd7 h3 34.Re3 h2 35.Rh3+ Kg5 36.Nc5 a5 37.Nb7 
Kg4 {(offering draw)}  38.Rxh2 {I still see some 
possibilities. Let us play some more moves.}  Rxh2 
39.Nxa5 Kf3 40.Nc6 {(offering draw) I probably saw 
a fata morgana!}  Ke3 {Let me see if I can win 
some pawns. What is a "fata morgana" ??}  41.Kb1 
{Seeing possibillities that are not there!}  Rh4 
{I have done that as well.}  42.c4 bxc3 43.bxc3 
Kd3 44.Kb2 Rh2+ 45.Ka3 Kxc3 46.Nb4 Rh5 47.Na2+ Kd4 
48.Ka4 Rh8 49.Kb4 Rb8+ 50.Ka3 Ra8+ 51.Kb2 Rb8 
52.Ka3 {(offering draw) I don't see any reason to 
go on, do you?}  1/2-1/2

[Event "HCL-E1487"]
[Site "www.playchess.de"]
[Date "2006.01.11"]
[Round "23"]
[White "PLAYCHESS1963"]
[Black "Glomp"]
[WhiteElo "1776"]
[BlackElo "1668"]
[PlyCount "53"]
[Result "1-0"]

1.e4 c5 2.Nf3 e6 3.d4 cxd4 4.Nxd4 Nf6 5.Bd3 Nc6 
6.Nxc6 bxc6 7.O-O d5 8.e5 Nd7 9.f4 Nc5 10.Nc3 Qb6 
11.Be3 Qxb2 12.Qd2 Nxd3 13.Qxd3 Qb4 14.Rab1 Qa5 
15.Kh1 Ba6 16.Qd4 Bxf1 17.Rxf1 Bb4 18.Bd2 c5 
19.Qd3 c4 20.Qg3 g6 21.f5 d4 22.Qf3 O-O 23.Ne4 
Bxd2 24.fxe6 fxe6 25.Nf6+ Kg7 26.Qb7+ Rf7 
27.Qxa8 1-0

[Event "HCL-C4053"]
[Site "www.playchess.de"]
[Date "2006.01.11"]
[Round "2"]
[White "SARADHI"]
[Black "keneddy"]
[WhiteElo "800"]
[BlackElo "857"]
[PlyCount "49"]
[Result "1-0"]

1.d4 d5 2.e3 Nf6 3.c4 {HELLO!}  Nc6 4.cxd5 Qxd5 
5.Nc3 Qa5 6.Nf3 e6 7.Bd2 Bb4 8.a3 Bxc3 9.bxc3 O-O 
10.c4 Qf5 11.Be2 e5 12.d5 Ne7 13.Bc3 Ng6 14.O-O 
Ne4 15.Bb2 Rd8 16.Bd3 c6 17.dxc6 Nc3 18.Bxf5 Rxd1 
19.Rfxd1 Nxd1 20.Rxd1 Bxf5 21.c7 Rc8 22.Rd8+ Nf8 
23.Bxe5 Bd7 24.Bd6 Be8 25.Rxc8 1-0

[Event "HCL-C4013"]
[Site "www.playchess.de"]
[Date "2006.01.11"]
[Round "16"]
[White "nico21"]
[Black "notty"]
[WhiteElo "1200"]
[BlackElo "800"]
[PlyCount "67"]
[Result "1-0"]

1.e4 b5 2.Bxb5 g5 3.d4 Nf6 4.e5 Ng4 5.Qxg4 Rg8 
6.Qd1 a6 7.Bc4 Nc6 8.Nf3 h6 9.Be3 a5 10.c3 e6 
11.Nbd2 Rb8 12.Qc2 d6 13.exd6 cxd6 {hello!}  14.d5 
a4 15.dxc6 d5 16.Be2 a3 17.b3 Rb6 18.Bxb6 Qxb6 
19.Ne5 Bd6 20.Qh7 Bxe5 21.Qxg8+ Ke7 22.Qxc8 Bxc3 
23.Qd7+ Kf6 24.Rd1 g4 25.c7 Qb7 26.c8Q Qxc8 
27.Qxc8 Ba5 28.h3 h5 29.hxg4 hxg4 30.Rh6+ Kf5 
31.Qh8 Bc3 32.Qxc3 e5 33.Nf3 Kf4 
34.Qxe5+ 1-0

[Event "HCL-A2516"]
[Site "www.playchess.de"]
[Date "2006.01.11"]
[Round "5"]
[White "cabe"]
[Black "ippuli"]
[WhiteElo "1402"]
[BlackElo "1495"]
[PlyCount "56"]
[Result "0-1"]

1.e4 {A new round, new chances...}  e5 {Yep!}  
2.Nf3 f5 3.Nc3 Nc6 4.Bb5 d6 5.Bxc6+ bxc6 6.O-O Nf6 
7.d3 fxe4 8.dxe4 Bg4 9.Bg5 h6 10.Bh4 g5 11.Bg3 h5 
12.h3 Bxf3 13.Qxf3 g4 14.hxg4 hxg4 15.Qf5 Rh6 
16.f4 gxf3 17.gxf3 {Happy Newyear!}  Qe7 {Same to 
you, thank's!}  18.Kf2 Qf7 19.Rfh1 Rb8 20.Rxh6 
Bxh6 21.Rh1 Bg7 22.Bh4 d5 23.Qxe5+ Kf8 24.Qf5 dxe4 
25.Bxf6 Bxf6 26.b3 Bd4+ {Really?}  27.Ke2 {Oeps!}  
Qxf5 28.Rh8+ Bxh8 0-1

[Event "HCL-A2458"]
[Site "www.playchess.de"]
[Date "2006.01.11"]
[Round "35"]
[White "G501"]
[Black "ados99"]
[WhiteElo "1401"]
[BlackElo "1414"]
[PlyCount "38"]
[Result "0-1"]

1.e4 {Have a nice game.}  c5 2.Nf3 d6 3.Bc4 e6 
4.Nc3 Nf6 5.d3 a6 6.Bg5 Be7 7.O-O b5 8.Bb3 O-O 
9.Ne2 Bb7 10.Nf4 Nc6 11.c3 Qc7 12.Bxe6 fxe6 
13.Nxe6 Qd7 14.Nxf8 Rxf8 15.Re1 Qe6 16.b3 Ne5 
17.Nxe5 Qxe5 18.d4 Qxg5 19.f3 Nd7 0-1

[Event "HCL-B3664"]
[Site "www.playchess.de"]
[Date "2006.01.11"]
[Round "8"]
[White "Phileas"]
[Black "ndigas"]
[WhiteElo "1400"]
[BlackElo "1200"]
[PlyCount "43"]
[Result "1-0"]

1.d4 Nf6 2.Nc3 d5 3.Nf3 Bf5 4.Bg5 e6 5.h3 c5 
6.dxc5 Bxc5 7.e3 Nbd7 8.Bd3 Bxd3 9.Qxd3 Qb6 
10.O-O-O a5 11.Qb5 a4 12.Bxf6 gxf6 13.Qxb6 Nxb6 
14.Nb5 Ra5 15.Nc3 Nc4 16.Nd2 b5 17.Nxc4 bxc4 18.a3 
Ke7 19.Rd2 h5 20.g3 f5 21.Re1 Ra7 
22.Ne2 1-0

[Event "HCL-B3763"]
[Site "www.playchess.de"]
[Date "2006.01.11"]
[Round "3"]
[White "TNT2"]
[Black "kylejmiles"]
[WhiteElo "1200"]
[BlackElo "1448"]
[PlyCount "69"]
[Result "1-0"]

1.Nf3 {Welcome and good luck.}  d5 2.d4 Nf6 3.Bf4 
Bf5 4.h3 e6 5.e3 Nbd7 6.Bd3 Bg6 7.Nbd2 Bd6 8.Ne5 
O-O 9.Nxg6 hxg6 10.Bxd6 cxd6 11.c3 Qc7 12.g4 e5 
13.dxe5 dxe5 14.Qc2 Rfe8 15.O-O-O Rac8 16.Kb1 Qa5 
17.Nb3 Qb6 18.Be2 Qe6 19.f3 Nc5 20.h4 d4 21.exd4 
Nxb3 22.axb3 exd4 23.Bc4 Rxc4 24.bxc4 Qxc4 25.Rxd4 
Qb5 26.Rhd1 Re2 27.R4d2 Re6 28.R2d8+ Kh7 29.h5 Ra6 
30.hxg6+ fxg6 31.Rh1+ Nh5 32.Rxh5+ Qxh5 33.gxh5 
Kh6 34.Qd2+ Kxh5 35.Rh8+ {GOOD GAME!!! THX.} 
 1-0

[Event "HCL-C4047"]
[Site "www.playchess.de"]
[Date "2006.01.11"]
[Round "4"]
[White "xmen"]
[Black "IRONMAIDEN"]
[WhiteElo "1378"]
[BlackElo "1405"]
[PlyCount "61"]
[Result "1-0"]

1.e4 e5 2.Nf3 Nc6 3.Bb5 a6 4.Ba4 f6 5.Bxc6 dxc6 
6.Nxe5 g6 7.Nf3 Bg4 8.h3 Be6 9.Nc3 Bb4 10.Ne2 Qe7 
11.c3 Ba5 12.d4 O-O-O 13.b4 Bb6 14.a4 Kb8 15.Bf4 
g5 16.Bh2 Ka8 17.a5 Ba7 18.O-O h5 19.Qd3 Nh6 
20.Nd2 Rhf8 21.f4 g4 22.f5 Bd7 23.Bxc7 Rdc8 24.Bf4 
Rfh8 25.h4 Nf7 26.Nc4 Rhe8 27.Ng3 Reh8 28.Nb6+ 
Bxb6 29.axb6 Rce8 30.Rxa6+ bxa6 31.Qxa6+ {It was a 
nice game.}  1-0

[Event "HCL-A2491"]
[Site "www.playchess.de"]
[Date "2006.01.11"]
[Round "8"]
[White "A2557"]
[Black "Barani_S"]
[WhiteElo "1700"]
[BlackElo "1614"]
[PlyCount "46"]
[Result "0-1"]

1.e4 c5 2.Nf3 d6 3.d4 cxd4 4.Nxd4 Nf6 5.Nc3 Nc6 
6.Be3 e6 7.f3 Be7 8.Qd2 a6 9.g4 O-O 10.O-O-O Nxd4 
11.Bxd4 b5 12.g5 Nd7 13.h4 b4 14.Ne2 Qa5 15.Kb1 
Bb7 16.g6 hxg6 17.h5 gxh5 18.Ng3 h4 19.Qh2 Ne5 
20.Be2 Rac8 21.Nh5 Ng6 22.Bxg7 Qxh5 23.Bxf8 
Bxf8 0-1

[Event "HCL-M854"]
[Site "www.playchess.de"]
[Date "2006.01.11"]
[Round "17"]
[White "Catperson"]
[Black "Harijs"]
[WhiteElo "2069"]
[BlackElo "1840"]
[PlyCount "117"]
[Result "1-0"]

1.d4 {Greetings, good luck}  f5 {Hello, good 
game.}  2.Bg5 Nf6 3.Nc3 e6 4.e4 fxe4 5.Nxe4 Be7 
6.Bxf6 Bxf6 7.Nf3 Be7 8.Bd3 O-O 9.O-O Nc6 10.c3 d5 
11.Ng3 Bd7 12.Re1 Rc8 13.Re2 a5 14.Qc2 h6 15.Rae1 
Bd6 16.a3 Qf6 17.R2e3 Ne7 18.Ne5 Bxe5 19.R3xe5 c5 
20.dxc5 Rxc5 21.Qe2 Ng6 22.Bxg6 Qxg6 23.Qe3 Rc4 
24.Qb6 Qf7 25.f3 Bc8 26.Qxa5 Qf4 27.Qb6 Qf6 28.Qe3 
Rh4 29.Rd1 Qg6 30.Ne2 Rh5 31.Nd4 Rxe5 32.Qxe5 Qf6 
33.Re1 Qxe5 34.Rxe5 g5 35.Kf2 Kf7 36.g3 Bd7 37.f4 
gxf4 38.gxf4 Ke7 39.Kf3 Kd6 40.a4 b6 41.Ke3 Rf6 
42.b3 Be8 43.c4 dxc4 44.Nb5+ Kd7 45.bxc4 Rf5 
46.Rxf5 exf5 47.Kd4 Kc6 48.Ke5 Kc5 49.Kxf5 Bf7 
50.Kf6 Bxc4 51.f5 Kb4 52.Nd6 Bb3 53.Ke7 Kxa4 54.f6 
h5 55.h4 Kb4 {(offering draw)}  56.Ne4 Bc4 57.f7 
Bxf7 58.Kxf7 Kc4 59.Kg6 1-0

[Event "HCL-M872"]
[Site "www.playchess.de"]
[Date "2006.01.11"]
[Round "17"]
[White "Ezechiel"]
[Black "Palamede"]
[WhiteElo "1786"]
[BlackElo "2201"]
[PlyCount "49"]
[Result "0-1"]

1.d4 {Hi Dusan, greetings to Slovenia!}  d5 {Hi 
Michael, greetings to Germany ! Good luck and good 
game!}  2.e3 Nf6 3.Bd3 c5 4.Ne2 c4 5.Bxc4 {I will 
play until move 10 - so that this ugly mistake at 
least gives you some rating points. ... I should 
never play in between two meetings ;-((}  dxc4 
{What can I say ? Such things happen also in the 
best families. Thanks for your utmost fair 
attitude.}  6.c3 Nc6 7.Nd2 b5 8.e4 e6 9.e5 Nd5 
10.Nf3 Be7 11.O-O O-O 12.Qc2 Bb7 13.Be3 a5 14.b3 
Nb6 15.Rfd1 b4 16.Rdc1 Rc8 17.Qe4 Ba6 18.Bd2 Qd7 
19.Ng3 Nd5 20.Nh5 bxc3 21.Bxc3 cxb3 22.axb3 Nxc3 
23.Rxc3 Nxd4 24.Rxc8 Nxf3+ 25.Qxf3 0-1

[Event "HCL-A2514"]
[Site "www.playchess.de"]
[Date "2006.01.11"]
[Round "6"]
[White "Matu"]
[Black "speedmat"]
[WhiteElo "1509"]
[BlackElo "1360"]
[PlyCount "81"]
[Result "1-0"]

1.e4 e6 {Good luck as white}  2.d4 {Hi and good 
luck}  d5 {Thanks the same}  3.Nc3 Nf6 4.e5 Nfd7 
5.f4 c5 6.Nf3 Nc6 7.Bb5 Be7 8.O-O O-O 9.b3 Ndb8 
10.a3 a6 11.Be2 Nd7 12.Be3 f6 13.Na4 b6 14.Nb2 
cxd4 15.Nxd4 Nxd4 16.Bxd4 Bb7 17.c4 f5 18.Bf3 Rc8 
19.cxd5 exd5 20.b4 Re8 21.Kh1 Nf8 22.Rc1 Rxc1 
23.Qxc1 Ne6 24.Qd2 Bc6 25.Rc1 Nxd4 26.Qxd4 Bb7 
27.Rd1 Qa8 28.h3 b5 29.Nd3 Kh8 30.Nc5 Bc6 31.Nb3 
Rd8 32.Na5 h6 33.Nxc6 Qxc6 34.Bxd5 Qg6 35.Qe3 Bh4 
36.Bb3 Rxd1+ 37.Bxd1 Qg3 38.Bf3 g5 39.e6 g4 
40.Qe5+ Kh7 41.Qxf5+ 1-0

[Event "HCL-B3803"]
[Site "www.playchess.de"]
[Date "2006.01.11"]
[Round "5"]
[White "Chas"]
[Black "MasterStefan"]
[WhiteElo "1456"]
[BlackElo "1241"]
[PlyCount "37"]
[Result "1-0"]

1.e4 e5 2.Nf3 Nc6 3.Bb5 Qf6 4.d3 Nge7 5.Nc3 a6 
6.Bg5 Qe6 7.Bc4 Qg4 8.O-O h6 9.h3 Qh5 10.Bh4 d6 
11.g4 Qg6 12.a3 Bxg4 13.hxg4 Qxg4+ 14.Bg3 Qh3 
{stupid of mine to forget that your bishop can 
remove the check :-)}  15.Nh2 {I think they call 
it 'chess blindness' we all suffer at some-time 
REgards, Charles.}  Ng6 16.Qf3 Qd7 17.Ne2 O-O-O 
18.Bxf7 Nd4 19.Nxd4 1-0

[Event "HCL-E1514"]
[Site "www.playchess.de"]
[Date "2006.01.11"]
[Round "18"]
[White "Andy1"]
[Black "Josef"]
[WhiteElo "1399"]
[BlackElo "1551"]
[PlyCount "74"]
[Result "1/2-1/2"]

1.e4 c5 2.Nf3 d6 3.d4 cxd4 4.Nxd4 Nf6 5.Nc3 a6 
6.Bd3 e6 7.O-O Be7 8.h3 Qc7 9.Be3 Nbd7 10.Rc1 O-O 
11.Re1 b5 12.a3 Bb7 13.Nf3 Nc5 14.Bxc5 Qxc5 15.Qd2 
Rac8 16.Qe3 Qc7 17.e5 dxe5 18.Qxe5 Bxf3 19.Qxc7 
Rxc7 20.gxf3 Bxa3 21.Nxb5 axb5 22.bxa3 Ra8 23.Bxb5 
Rxa3 24.Re3 Ra2 25.c4 Nh5 26.Rd1 g6 27.Rd4 Rc2 
28.f4 h6 29.Kg2 Ng7 30.Red3 Nf5 31.R4d8+ Kg7 
32.Kf3 h5 33.R3d2 Rc3+ 34.R2d3 Rc1 35.R3d1 Rc3+ 
36.R1d3 Rc1 37.R3d1 Rc3+ {(offering draw)} 
 1/2-1/2